000 00565nam a2200205Ia 4500
001 63901
008 150109s9999 xx 000 0 und d
020 _a9781420077612
040 _cPK-LaUMT
082 _a 519.54
_bGIB-N
100 _aGibbons, Jean Dickinson
245 _aNonparametric statistical inference
_cGibbons, Jean Dickinson|Chakraborti, Subhabrata
250 _a5th
260 _aBoca Raton,USA:
_bCRC Press,
_c2011
300 _a630 p.
546 _aEN
650 _aNonparametric statistics
700 _aChakraborti, Subhabrata
942 _cBK
999 _c64555
_d64555